| 000 | 01203nam a2200313 i 4500 | ||
|---|---|---|---|
| 001 | 000046478 | ||
| 003 | DO-SdBNP | ||
| 005 | 20260513100002.0 | ||
| 007 | ta | ||
| 008 | 150819s2015 dr 000 p spa d | ||
| 020 | _a9789945492651 | ||
| 040 |
_aDO-SdBNP _bspa _cBNPHU _erda |
||
| 082 | 4 |
_aRD861.4408 _bF632c _222 |
|
| 245 | 0 | 0 |
_aFlor de cactus : _bantología poética del Sur dominicano / _cintroducción, selección y comentarios, Gerardo Castillo Javier. |
| 264 | 1 |
_aSanto Domingo : _bEditora Nacional, _c©2015 |
|
| 300 |
_a740 páginas ; _c23 cm. |
||
| 336 |
_ardacontent _btexto _2txt |
||
| 337 |
_2rdamedia _asin mediación _bn |
||
| 338 |
_2rdacarrier _avolumen _bnc |
||
| 490 | 0 | _aProyectos culturales | |
| 500 | _aIncluye datos biográficos del compilador en la solapa de la cubierta | ||
| 504 | _aBibliografía: p. 739- 740 | ||
| 590 | _aInventariado 2023 / MF | ||
| 650 | 0 |
_aAntología poética _ySiglos XIX - XX _vColecciones _949370 |
|
| 650 | 4 |
_aLiteratura dominicana _983039 _vColecciones _ySiglo XIX-XX |
|
| 700 | 1 |
_aCastillo Javier, Gerardo, _d1963- _eintroducción, selección y comentarios _91677 |
|
| 910 | _aMFeliz/Validado. Control de calidad MFF | ||
| 942 |
_2ddc _cLBS1 |
||
| 999 |
_c45967 _d45967 |
||